| 000 | 00479nam a22001697a 4500 | ||
|---|---|---|---|
| 999 |
_c532581 _d532581 |
||
| 003 | NUST | ||
| 005 | 20191126105549.0 | ||
| 008 | 191126b ||||| |||| 00| 0 eng d | ||
| 038 | _aMSOHAIL | ||
| 082 | _a0 | ||
| 100 |
_a The Federation of Piling Specialists, In Association with BGA and ICE _926187 |
||
| 245 | _aICE Specification for Piling and Embedded retaining walls | ||
| 250 | _a2nd | ||
| 260 |
_aLondon _bThomas Telford _cc2007 |
||
| 300 | _a242,p; | ||
| 942 |
_2ddc _cBK |
||